000 00773pam a2200241 a 4500
001 3888943
003 OSt
005 20240621154039.0
008 900215r19901975nyua b 001 0 eng
010 _a
020 _a0486663523 :
040 _aMUST
_cMUST
082 0 0 _a514 MEN 1990
_219
100 1 _aMendelson, Bert,
_d1926-
_917600
245 1 0 _aIntroduction to topology /
_cby Bert Mendelson.
250 _a3rd ed.
260 _aNew York :
_bDover Publications,
_c1990.
300 _aix, 206 p. :
_bill. ;
_c21 cm.
504 _aIncludes bibliographical references index.
650 0 _aTopology.
_95415
942 _2ddc
_cO_SHELF
999 _c8706
_d8706